| 000 | 00775nam a2200229 i 4500 | ||
|---|---|---|---|
| 001 | 189290 | ||
| 003 | SpMaBN | ||
| 005 | 20250830053608.0 | ||
| 008 | 190521s1970 sp |||| | spa d | ||
| 080 | _a225.017 | ||
| 100 | 1 |
_aSchlier, Heinrich. _9104423 |
|
| 245 | 1 | 0 |
_aProblemas exegéticos fundamentales en el Nuevo Testamento / _cHeinrich Schlier ; [traducción por José Cosgaya]. |
| 260 |
_aMadrid : _bFax, _c[1970] |
||
| 300 |
_a504 p. ; _c23 cm. |
||
| 490 | 1 |
_aActualidad bíblica ; _v16 |
|
| 630 | 4 |
_aBiblia. _pN.T.- _xCrítica e interpretación _9119291 |
|
| 650 | 0 | 7 |
_aTeología bíblica _2embne _917465 |
| 700 | 1 |
_aCosgaya, José. _940993 |
|
| 830 | 0 |
_aActualidad bíblica ; _v16 _9193281 |
|
| 852 |
_aES-MaACL _jJ-9(15) |
||
| 999 |
_c189290 _d189290 |
||